Valle de la riera de Pineda : Parc del Montnegre i el Corredor Parc del Montnegre i el Corredor
Publicado:
Barcelona :
Diputació de Barcelona. Àrea de Territori i Sostenibilitat. Gerència de Serveis d'Espais Naturals ,
2014
Descripción Física:
1 f. plegat en 4 parts ; 20 cm
Colección:
Excursiones señalizadas
MARC
| LEADER | 00000nam a2200000Ia 4500 | ||
|---|---|---|---|
| 001 | 24107 | ||
| 008 | 160829s2014 xx 000 0 cat d | ||
| 080 | |a FU-64-51 | ||
| 245 | |a Valle de la riera de Pineda : |b Parc del Montnegre i el Corredor | ||
| 260 | |a Barcelona : |b Diputació de Barcelona. Àrea de Territori i Sostenibilitat. Gerència de Serveis d'Espais Naturals, |c 2014 | ||
| 300 | |a 1 f. plegat en 4 parts ; |c 20 cm | ||
| 490 | |a Excursiones señalizadas | ||
| 590 | |a Text en castellà. Hi ha un altre exemplar en català amb R. 23814 i en castellà amb R. 23753 | ||
| 610 | 0 | |a Parc del Montnegre i el Corredor (Catalunya) |v Guies |9 52679 | |
| 710 | 1 | |a Barcelona (Catalunya : Província). |b Gerència de Serveis d’Espais Naturals |9 52730 | |
| 901 | |a Arxiu | ||
| 942 | |n 1 | ||
| 952 | |0 0 |1 0 |4 0 |6 FU6451 |7 1 |9 56069 |a Arxiu |b Arxiu |d 2016-12-01 |l 0 |o FU-64-51 |p 24107 |r 2016-12-01 00:00:00 |w 2016-12-01 |y ARXIU | ||
| 999 | |c 59943 |d 59943 | ||